Bài giảng môn học hóa học phân tích định lượng : Phân tích cơ sở lý thuyết

Giáo trinhg gồm có 5 chương, giới thiệu về những định luật cơ sở của hóa học dung dịch các chất điện ly, khảo sát cân bằng axit-bazơ, tạo phức, oxi hóa khử, cân bằng dung dịch chứa chất điện ly ít tan, và cân bằng phân bố chất tan giữa h...

وصف كامل

محفوظ في:
التفاصيل البيبلوغرافية
المؤلف الرئيسي: Lâm, Phước Điền
التنسيق: كتاب
اللغة:Undetermined
منشور في: Cần Thơ, VN Trường Đại học Cần Thơ 2007
الموضوعات:
الوسوم: إضافة وسم
لا توجد وسوم, كن أول من يضع وسما على هذه التسجيلة!
Thư viện lưu trữ: Trung tâm Học liệu Trường Đại học Cần Thơ
LEADER 01202nam a2200241Ia 4500
001 CTU_144667
008 210402s9999 xx 000 0 und d
082 |a 545 
082 |b Đ305 
100 |a Lâm, Phước Điền 
245 0 |a Bài giảng môn học hóa học phân tích định lượng : 
245 0 |b Phân tích cơ sở lý thuyết 
245 0 |c Lâm Phước Điền 
260 |a Cần Thơ, VN 
260 |b Trường Đại học Cần Thơ 
260 |c 2007 
520 |a Giáo trinhg gồm có 5 chương, giới thiệu về những định luật cơ sở của hóa học dung dịch các chất điện ly, khảo sát cân bằng axit-bazơ, tạo phức, oxi hóa khử, cân bằng dung dịch chứa chất điện ly ít tan, và cân bằng phân bố chất tan giữa hai dung môi không trộn lẫn. 
526 |a Hóa phân tích 1 
526 |b TN115 
650 |a Chemistry, Analytic,Hóa học, Phân tích 
650 |x Quantitative,Định lượng 
904 |i Trọng Hiếu 
980 |a Trung tâm Học liệu Trường Đại học Cần Thơ